Welcome to CU Library Online Public Access Catalogue (OPAC)

Social Psychology/ (Record no. 3884)

MARC details
000 -LEADER
fixed length control field 00562nam a22001937a 4500
005 - DATE AND TIME OF LATEST TRANSACTION
control field 20250214185849.0
008 - FIXED-LENGTH DATA ELEMENTS--GENERAL INFORMATION
fixed length control field 250214b |||||||| |||| 00| 0 eng d
020 ## - INTERNATIONAL STANDARD BOOK NUMBER
International Standard Book Number 9781292021447
050 ## - LIBRARY OF CONGRESS CALL NUMBER
Classification number HM251
Item number .B437 BAR
100 ## - MAIN ENTRY--PERSONAL NAME
Personal name Baron Robert A.
245 ## - TITLE STATEMENT
Title Social Psychology/
Statement of responsibility, etc. Robert A. Baron & Nyla R. Branscombe
250 ## - EDITION STATEMENT
Edition statement 13th Ed.
260 ## - PUBLICATION, DISTRIBUTION, ETC.
Place of publication, distribution, etc. New York
Name of publisher, distributor, etc. Pearson Education Limited
Date of publication, distribution, etc. 2014
300 ## - PHYSICAL DESCRIPTION
Extent ii. 518p.
Other physical details ill. col.
Dimensions 28 cm
500 ## - GENERAL NOTE
General note Includes Index
650 ## - SUBJECT ADDED ENTRY--TOPICAL TERM
Source of heading or term Psychology
700 ## - ADDED ENTRY--PERSONAL NAME
Personal name Branscombe Nyla R.
942 ## - ADDED ENTRY ELEMENTS (KOHA)
Source of classification or shelving scheme Library of Congress Classification
Koha item type Books
Edition 13th Ed.
Suppress in OPAC No
999 ## -
-- 3884
-- 3884
Holdings
Withdrawn status Lost status Source of classification or shelving scheme Damaged status Not for loan Collection Home library Current library Shelving location Date acquired Total checkouts Full call number Barcode Date last seen Copy number Price effective from Koha item type
    Library of Congress Classification     Non-fiction Business Library (Miotso) Business Library (Miotso) General stacks 02/14/2025   HM251 .B437 BAR BSSM00000822 02/14/2025 1 02/14/2025 Books
    Library of Congress Classification     Non-fiction Business Library (Miotso) Business Library (Miotso) General stacks 03/10/2025   HM251 .B437 BAR BSSM00001292 03/10/2025 2 03/10/2025 Books
    Library of Congress Classification     Non-fiction Business Library (Miotso) Business Library (Miotso) General stacks 03/10/2025   HM251 .B437 BAR BSSM00001293 03/10/2025 3 03/10/2025 Books
© 2023-2024 Copyright: Central University Libraries. All Rights Reserved | Created by: Mahone Tech Office